Finnland

Guardado en:
Detalles Bibliográficos
Autor principal: Albrecht, Wolfgang
Otros Autores: Kantola, Markku
Formato: Libro
Lenguaje:alemán
Publicado: München Beck 1992
Edición:1. Aufl.
Colección:Beck'sche Reihe 847
Materias:
Etiquetas: Agregar Etiqueta
Sin Etiquetas, Sea el primero en etiquetar este registro!

MARC

LEADER 00000nam a2200000 4500
001 c010486
005 20221206083131.8
020 |a 3-406-35167-0 
041 0 |a ger 
044 |a DE 
245 1 0 |a Finnland  |c Wolfgang Albrecht, Markku Kantola 
250 |a 1. Aufl. 
264 1 |a München  |b Beck  |c 1992 
300 |a 140 s. 
490 1 |a Beck'sche Reihe  |v 847 
830 0 |a Beck'sche Reihe  |v 847 
610 2 0 |a Fínsko 
610 2 0 |a geografia 
610 2 0 |a podmienky prírodné 
610 2 0 |a história 
610 2 0 |a obyvateľstvo 
610 2 0 |a politika 
610 2 0 |a kultúra 
610 2 0 |a obchod 
610 2 0 |a priemysel 
610 2 0 |a rozvoj hospodársky 
100 1 |a Albrecht, Wolfgang 
700 1 |a Kantola, Markku